<?xml version="1.0" encoding="UTF-8"?>
<collection xmlns="http://www.loc.gov/MARC21/slim">
  <record>
    <leader>00000nam  2200000   4500</leader>
    <controlfield tag="001">INLIS000000000018999</controlfield>
    <controlfield tag="005">20250122030955</controlfield>
    <datafield tag="035" ind1="#" ind2="#">
      <subfield code="a">0010-0125000143</subfield>
    </datafield>
    <controlfield tag="007">ta</controlfield>
    <controlfield tag="008">250122################g##########0#ind##</controlfield>
    <datafield tag="020" ind1="#" ind2="#">
      <subfield code="a">978-979-062-589-1</subfield>
    </datafield>
    <datafield tag="082" ind1="#" ind2="#">
      <subfield code="a">302.2</subfield>
    </datafield>
    <datafield tag="084" ind1="#" ind2="#">
      <subfield code="a">302.2 LUD a</subfield>
    </datafield>
    <datafield tag="100" ind1=" " ind2="#">
      <subfield code="a">Ludwig Suparmo</subfield>
    </datafield>
    <datafield tag="245" ind1="1" ind2="#">
      <subfield code="a">Aspek Ilmu Komunikasi dalam Public Relations /</subfield>
      <subfield code="c">Ludwig Suparmo</subfield>
    </datafield>
    <datafield tag="260" ind1="#" ind2="#">
      <subfield code="a">Jakarta :</subfield>
      <subfield code="b">PT Indeks,</subfield>
      <subfield code="c">2019</subfield>
    </datafield>
    <datafield tag="300" ind1="#" ind2="#">
      <subfield code="a">xii, 152 hlm ;</subfield>
      <subfield code="c">2.6 MB</subfield>
    </datafield>
    <datafield tag="650" ind1="#" ind2="4">
      <subfield code="a">Ilmu Komunikasi</subfield>
    </datafield>
    <datafield tag="520" ind1="#" ind2="#">
      <subfield code="a">Komunikasi kian menjadi ilmu favorit. Meski tampak praktis, ilmu komunikasi memiliki kajian mendalam serta dasar filosofis dan metodologis yang cukup rigid. Penulis yang memiliki pengalaman kaya di bidang public relations, disertai pendidikan komunikasi yang baik, secara kreatif mampu menghasilkan karya kompilasi dan artikel yang ter­seleksi dengan apik. Melalui berbagai konsep dan contoh yang ada di buku ini, ma­hasiswa atau peminat ilmu komunikasi, dapat menambah wacana dalam me­ma­ha­mi kajian konsep dan praktis ilmu komunikasi.</subfield>
    </datafield>
    <datafield tag="856" ind1="#" ind2="#">
      <subfield code="a">https://web-ipustakalan.moco.co.id/book/6a67631d-33ce-4e5f-87d1-ae63238fd594</subfield>
    </datafield>
    <datafield tag="990" ind1="#" ind2="#">
      <subfield code="a">2024/4/A/0051</subfield>
    </datafield>
    <datafield tag="990" ind1="#" ind2="#">
      <subfield code="a">2024/4/A/0052</subfield>
    </datafield>
  </record>
</collection>
